000 00285nam a22001337a 4500
008 170718b xxu||||| |||| 00| 0 eng d
020 _a9780671672355
041 _aeng
080 _a2
100 _a24
101 _aTEO
245 _aIN THE NAME OF GOD
_cWRIGHT, R
942 _2udc
_cBK
999 _c21479
_d21479